000 02093cam0 2200445 ib4500
001 BY-HR0016-br6321813
005 20251202152126.0
010 ^a978-985-575-654-6
^bв переплете
^d20р.28к.
035 ^a(BY-MI0006)BY-HR0016-br6321813
035 ^a(BY-MI0005)BY-HR0016-br6321813
035 ^a(BY-MI0000)BY-HR0016-br6321813
100 ^a20250812d2025 bc y0rusy50 ca
101 0 ^arus
102 ^aBY
105 ^aa z 000ay
109 ^ama
200 1 ^a33 истории Плаксильяны
^eповесть
^eдля дошкольного и младшего школьного возраста
^fИрина Тулупова
^gхудожник Е. Козловская
210 ^aМинск
^cЗвязда
^d2025
215 ^a101, [1] с.
^cил.
^d23 см
333 ^a0+
345 ^91000 экз.
532 1 3 ^aТридцать три истории Плаксильяны
606 0 ^aПОВЕСТИ
^3BY-NLB-ar2735501
^2DVNLB
606 0 ^aБЕЛОРУССКАЯ ЛИТЕРАТУРА
^3BY-NLB-ar3723
^2DVNLB
606 0 ^aДЕТСКАЯ И ЮНОШЕСКАЯ ЛИТЕРАТУРА
^3BY-NLB-ar2691728
^2DVNLB
608 ^aПОВЕСТЬ
^3BY-NLB-ar23936
^2BYGNR
608 ^aДЕТСКАЯ И ЮНОШЕСКАЯ ЛИТЕРАТУРА (художеств. произведение)
^3BY-NLB-ar9019
^2BYGNR
615 ^aБелорусский национальный документ
^3BY-SEK-ar1826174
686 ^a84Беи
^2rubbk
690 ^a1
^2Base
^9BY-MI0006
^xRSEK
700 1 ^aТулупова
^bИ. З.
^gИрина Зигмундовна
^cжурналистка
^cписательница
^fрод. 1960
^3BY-SEK-ar13291641
702 1 ^aКозловская
^bЕ. А.
^gЕкатерина А.
^cхудожница
^3BY-SEK-ar14925800
^4040
801 0 ^aBY
^bBY-HR0016
^c20250812
^gRCR
801 2 ^aBY
^bBY-MI0005
^c20250818
^gRCR
801 2 ^aBY
^bBY-MI0000
^c20250901
^gRCR
801 2 ^aBY
^bBY-MI0006
^c20251117
^gRCR
899 0 ^aBY-MI0006
^iТ82
^h84Беи